| 000 | 00640nam a2200217Ii 4500 | ||
|---|---|---|---|
| 001 | 2194 | ||
| 003 | CO-ViMGA | ||
| 008 | 241108s9999||||xx |||||||||||||| ||und|| | ||
| 020 | _a8483074508 | ||
| 040 |
_aCO-ViMGA _bspa _erda _cCO-ViMGA |
||
| 041 | 0 | _aspa | |
| 082 | 0 | 4 | _a297 R17y |
| 100 | 1 |
_aAhmed Rashid _944265 |
|
| 245 | 1 | 0 |
_aYihad : _bEl auge del islamismo en Asia central |
| 264 | 1 | _a[Lugar de publicación no identificado] : PenÃnsula, 2002 | |
| 300 | _avolumen | ||
| 336 |
_atext _btxt _2rdacontent |
||
| 337 |
_aunmediated _bn _2rdamedia |
||
| 338 |
_avolume _bnc _2rdacarrier |
||
| 940 | _aidficha_siabuc: 2149. -- ficha_no_siabuc:2194 | ||
| 999 |
_c38719 _d38719 |
||